000 00543nam a2200181Ia 4500
008 090124s9999 xx 000 0 und d
082 _b122576
100 _aभुर्के श्याम
245 _a सभेत कसे बोलावे
250 _a1
260 _c1988
300 _a100
600 _aभुर्के श्याम
630 _a सभेत कसे बोलावे
700 _aभुर्के श्याम
730 _a सभेत कसे बोलावे
942 _cBOOK
999 _c168662
_d168662